logo

Bir Sreshtho Munshi Abdur Rouf Library
Jhenaidah Cadet College

Painting since 1939 / (Record no. 8139)

MARC details
000 -LEADER
fixed length control field 00792cam a22003135 4500
001 - CONTROL NUMBER
JCCL Control Number 8139
003 - CONTROL NUMBER IDENTIFIER
JCCL marc code BD-JhCC
005 - DATE AND TIME OF LATEST TRANSACTION
control field 20191214133835.0
008 - FIXED-LENGTH DATA ELEMENTS--GENERAL INFORMATION
fixed length control field 970224s1947 enk 000 eng d
035 ## - SYSTEM CONTROL NUMBER
system control number BD-JhCC
035 ## - SYSTEM CONTROL NUMBER
system control number (StEdNL)464572
035 ## - SYSTEM CONTROL NUMBER
system control number (RLG)700000464572
035 ## - SYSTEM CONTROL NUMBER
system control number (BD-JhCC)8139
035 ## - SYSTEM CONTROL NUMBER
system control number (UkLCURL)700000464572
035 ## - SYSTEM CONTROL NUMBER
system control number 3582391
040 ## - CATALOGING SOURCE
Original cataloging agency NLS
Modifying agency CUD
-- OCoLC
-- BD-JhCC
041 ## - LANGUAGE CODE
Language code of Book eng
082 ## - DEWEY DECIMAL CLASSIFICATION NUMBER
Author mark and Year IRO 1947
Classification number 759.2
100 1# - MAIN ENTRY--PERSONAL NAME
Personal name Ironside, Robin.
245 10 - TITLE STATEMENT
Title Painting since 1939 /
Statement of responsibility, etc Robin Ironside,
260 ## - PUBLICATION, DISTRIBUTION, ETC. (IMPRINT)
Place of publication, distribution, etc London,
Date of publication, distribution, etc 1947.
300 ## - PHYSICAL DESCRIPTION
Dimensions 8vo.
Pagination 39 p. :
490 1# - SERIES STATEMENT
Series statement Arts in Britain ;
Volume number/sequential designation no. 6
830 #0 - SERIES ADDED ENTRY--UNIFORM TITLE
Uniform title Arts in Britain ;
Volume number/sequential designation no. 6.
942 ## - ADDED ENTRY ELEMENTS (KOHA)
Source of classification or shelving scheme Dewey Decimal Classification
Koha item type Books
947 ## - LOCAL PROCESSING INFORMATION (OCLC)
a lacks
b 6xx
z 600
947 ## - LOCAL PROCESSING INFORMATION (OCLC)
a lacks
b 260
c b
z 260
Holdings
Source of classification or shelving scheme Damaged status Not for loan Home library Current library Shelving location Total Checkouts Full call number Barcode Date last seen Copy number Koha item type
Dewey Decimal Classification     JCC Rouf Library JCC Rouf Library General Stacks   759.2 IRO 1947 10720 02/18/2018 C - 1 Books

JCC Library | Contacts | JCC Home

Last Update on 23 September 2017
Copyright @ 2017-2020 JCC Rouf Library
Rouf Library, Jhenidah Cadet College (JCC), Bangladesh